LIBRARY & INFORMATION CENTRE, KCAET, TAVANUR

ONLINE PUBLIC ACCESS CATALOGUE (OPAC)

Shakespeare and the craft of tragedy / (Record no. 11571)

MARC details
000 -LEADER
fixed length control field 00386cam a2200145ua 4500
041 ## - LANGUAGE CODE
Language code of text/sound track or separate title eng
082 ## - DEWEY DECIMAL CLASSIFICATION NUMBER
Classification number 828.09
Item number ROS/SH
100 ## - MAIN ENTRY--AUTHOR NAME
Personal name Rosen , William .
245 ## - TITLE STATEMENT
Title Shakespeare and the craft of tragedy /
260 ## - PUBLICATION, DISTRIBUTION, ETC. (IMPRINT)
Place of publication Cambridge :
Name of publisher Harward University Press ,
Year of publication 1964.
300 ## - PHYSICAL DESCRIPTION
Number of Pages 231 ; .
942 ## - ADDED ENTRY ELEMENTS (KOHA)
Koha item type Books
Holdings
Withdrawn status Lost status Damaged status Home library Current library Date acquired Cost, normal purchase price Full call number Accession Number Koha item type Public note
Withdrawn     KAUAET Malayalam University 07/04/2012 38.00 828.09 6553 Books Transferred to Malayalam University
free website counter